=LDR 00000nam 2200000 4500 =001 INLIS000000000002250 =005 20240502031846 =035 ##$$a 0010-0524000004 =007 ta =008 240502###########################0###### =020 ##$$a 978-602-433-942-5 =082 ##$$a 304.607 2 =084 ##$$a 304.607 2 ANG k =100 #$$a Angga Sisca =245 1#$$a Kependudukan dan pembangunan : $b Persebahan untuk 80 tahun Dr. Yulfita Raharjo =260 ##$$a Jakarta :$b Buku Obor,$c 2020 =300 ##$$a v+372p : $b illus ; $c 21cm =700 #$$a Titik Handayani